[Event "Hannover Region-ch"]
[Site "Hannover"]
[Date "2015.03.21"]
[Round "7"]
[White "Ellinger, Peter"]
[Black "Sokolowski, Michael"]
[Result "1-0"]
[WhiteElo "1843"]
[BlackElo "1747"]
[PlyCount "95"]
[EventDate "2015.01.10"]
[EventType "swiss"]
[EventRounds "7"]
[EventCountry "GER"]
[SourceTitle "EXT 2021"]
[Source "ChessBase"]
[SourceDate "2020.10.23"]
[SourceVersion "1"]
[SourceVersionDate "2020.10.23"]
[SourceQuality "1"]

1. e4 c6 2. d4 d5 3. e5 Bf5 4. Nf3 e6 5. Be2 h6 6. c3 Qb6 7. Qb3 Qxb3 8. axb3 Bxb1 9. Rxb1 Ne7 10. b4 Nf5 11. g4 Ne7 12. h4 Nd7 13. h5 0-0-0 14. b5 c5 15. Be3 c4 16. b3 cxb3 17. Rxb3 Nb6 18. Kd2 Kb8 19. Ra1 Nec8 20. Kc2 Rd7 21. Nd2 Rc7 22. Rb2 Be7 23. Kb3 g5 24. hxg6 fxg6 25. Rh1 Bf8 26. Bd3 Ne7 27. c4 dxc4+ 28. Nxc4 Nxc4 29. Bxc4 Nd5 30. Bxd5 exd5 31. Rc2 Rxc2 32. Kxc2 Kc7 33. Kb3 Rh7 34. f4 Kb6 35. Ka4 Rc7 36. Rc1 Rf7 37. Bd2 a6 38. Ba5+ Ka7 39. Bd8 axb5+ 40. Kxb5 Rxf4 41. Rc8 b6 42. Bxb6+ Kb7 43. Rc7+ Kb8 44. Kc6 Rf1 45. e6 Rc1+ 46. Kd7 Rf1 47. Ba7+ Ka8 48. Bc5 1-0